Chicago postal history (Record no. 1227)

000 -LEADER
fixed length control field 00411nam a22001457a 4500
003 - CONTROL NUMBER IDENTIFIER
control field OSt
008 - FIXED-LENGTH DATA ELEMENTS--GENERAL INFORMATION
fixed length control field 150418b xxu||||| |||| 00| 0 eng d
041 ## - LANGUAGE CODE
Language code of text/sound track or separate title eng
100 1# - MAIN ENTRY--PERSONAL NAME
Personal name Karlen, Harvey M.
245 10 - TITLE STATEMENT
Title Chicago postal history
246 10 - VARYING FORM OF TITLE
Title proper/short title selections that honor the collecting interest of Richard McP. Cabeen
260 ## - PUBLICATION, DISTRIBUTION, ETC. (IMPRINT)
Place of publication, distribution, etc. Chicago
Name of publisher, distributor, etc. Collectors Club of Chicago
300 ## - PHYSICAL DESCRIPTION
Extent 191 pages
700 1# - ADDED ENTRY--PERSONAL NAME
Personal name Harvey M. Karlen
Holdings
Withdrawn status Lost status Source of classification or shelving scheme Materials specified (bound volume or other part) Damaged status Not for loan Permanent Location Current Location Shelving location Date acquired Total Checkouts Full call number Barcode Date last seen Copy number Price effective from Koha item type
      Hard Cover     Northern Philatelic Library Northern Philatelic Library General Stacks 04/18/2015   G4104 .C54 K18 1001514 06/28/2015 2 06/28/2015 Books

Powered by Koha